| 000 | 00483nam a22001697a 4500 | ||
|---|---|---|---|
| 003 | NUST - PNEC | ||
| 005 | 20170116181141.0 | ||
| 008 | 151008b xxu||||| |||| 00| 0 eng d | ||
| 020 | _a0273601644 | ||
| 040 | _cLIBRARY | ||
| 082 | _a658.562 FAU | ||
| 100 |
_914641 _aMunro-Faure, Lesley |
||
| 245 |
_aAchieving quality standards : a step-by-step guide to BS5750/ISO9000 _cLesley Munro-Faure, |
||
| 260 | _cc1993. | ||
| 650 |
_914643 _aQuality assurance _xIME |
||
| 942 |
_2ddc _cBK |
||
| 999 |
_c70479 _d70479 |
||